| 000 | 00472nam a22001817a 4500 | ||
|---|---|---|---|
| 003 | JO-AjAnu | ||
| 005 | 20241019123008.0 | ||
| 008 | 241019b jo |||| |||| 00| 0 ara d | ||
| 020 | _a2-76117-760-1-978 | ||
| 040 | _cJO-AjAnu | ||
| 041 | _hENG | ||
| 100 |
_aCraswell, Penny _eAuthor _966339 |
||
| 245 |
_aReclaimed : New Homes from old materials _c / Penny Craswell |
||
| 260 | _bThames & Hudson | ||
| 300 | _a271 : pages | ||
| 650 | _vReclaimed | ||
| 942 |
_2lcc _cBK _n0 |
||
| 999 |
_c33770 _d33770 |
||